| 000 | 00875cpcaa2200229 4500 | ||
|---|---|---|---|
| 001 | mm 78005022 | ||
| 003 | DLC | ||
| 005 | 20260227111620.0 | ||
| 008 | 790105|||||||||||| eng | ||
| 010 | _amm 78005022 | ||
| 040 |
_aDLC _cDLC _edacs _dDLC |
||
| 072 | 7 |
_aS _2lcmd |
|
| 245 | 0 | 0 |
_aAtlantic Coast Aeronautical Station, Newport News, Va., records, _f1916-1917. |
| 300 |
_a3 _fitems. |
||
| 506 | 0 | _aOpen to research. | |
| 546 | _aCollection material in English. | ||
| 580 | _aForms part of: Miscellaneous Manuscripts collection. | ||
| 650 | 0 |
_aAeronautics _zVirginia. |
|
| 651 | 0 | _aAtlantic Coast Aeronautical Station (Newport News, Va.) | |
| 999 |
_c39672 _d39672 |
||